| 000 | 00614nam a2200217 a 4500 | ||
|---|---|---|---|
| 005 | 20140310183459.0 | ||
| 008 | 091203s19uu xx 00 eng d | ||
| 020 | _a9780240809533 | ||
| 050 |
_aTR 897.7 _b.P69 2007 |
||
| 100 | _aPowers, Ann | ||
| 245 |
_aCinema 4D : _bthe artist's project sourcebook / _cAnn Powers |
||
| 250 | _a2nd ed. | ||
| 260 |
_aAmsterdam : _bFocal Press, _c2007. |
||
| 300 |
_a350 p. : _bcol. ill. ; _c25 cm. |
||
| 521 | _aMA | ||
| 650 | _aComputer animation. | ||
| 650 | _aThree dimensional display system.s. | ||
| 650 | _aCinema 4D XL. | ||
| 942 |
_cBK _2lcc _kFOR |
||
| 999 |
_c23819 _d23819 |
||